<?xml version="1.0" encoding="UTF-8"?>
<collection xmlns="http://www.loc.gov/MARC21/slim">
<record>
  <controlfield tag="001">162167</controlfield>
  <controlfield tag="005">20250717151958.0</controlfield>
  <datafield tag="020" ind1=" " ind2=" ">
    <subfield code="a">978-84-124962-7-7</subfield>
  </datafield>
  <datafield tag="037" ind1=" " ind2=" ">
    <subfield code="a">BOOK-2025-418</subfield>
  </datafield>
  <datafield tag="041" ind1=" " ind2=" ">
    <subfield code="a">spa</subfield>
  </datafield>
  <datafield tag="100" ind1=" " ind2=" ">
    <subfield code="a">Escolano-Utrilla, Severino</subfield>
    <subfield code="b"></subfield>
  </datafield>
  <datafield tag="245" ind1=" " ind2=" ">
    <subfield code="a">La movilidad rural. Un estudio piloto de su estructura y de los efectos de la pandemia de la COVID-19 mediante datos de telefonía móvil</subfield>
  </datafield>
  <datafield tag="260" ind1=" " ind2=" ">
    <subfield code="a">Santiago de Compostela</subfield>
    <subfield code="b">Universidade de Santiago de Compostela</subfield>
    <subfield code="c">2022</subfield>
  </datafield>
  <datafield tag="300" ind1=" " ind2=" ">
    <subfield code="a">181–190</subfield>
  </datafield>
  <datafield tag="700" ind1=" " ind2=" ">
    <subfield code="a">Escalona-Orcao, Ana Isabel</subfield>
    <subfield code="b"></subfield>
  </datafield>
  <datafield tag="856" ind1="0" ind2=" ">
    <subfield code="f">mmesa@unizar.es</subfield>
  </datafield>
  <datafield tag="856" ind1="4" ind2=" ">
    <subfield code="u">http://zaguan.unizar.es/record/162167/files/BOOK-2025-418.pdf</subfield>
    <subfield code="z">Sin acceso</subfield>
    <subfield code="s">1627012</subfield>
    <subfield code="y">Sin acceso</subfield>
  </datafield>
  <datafield tag="909" ind1="C" ind2="O">
    <subfield code="o">oai:zaguan.unizar.es:162167</subfield>
    <subfield code="p">books</subfield>
  </datafield>
  <datafield tag="773" ind1=" " ind2=" ">
    <subfield code="t">¿Renacimiento rural? Los espacios rurales en época de pos-pandemia. Actas del XXI Coloquio de Geografía Rural de la AGE. IV Coloquio Internacional de Geografía rural, ColoRURAL. </subfield>
  </datafield>
  <datafield tag="540" ind1=" " ind2=" ">
    <subfield code="9">info:eu-repo/semantics/closedAccess</subfield>
  </datafield>
  <datafield tag="506" ind1=" " ind2=" ">
    <subfield code="a">all-rights-reserved</subfield>
  </datafield>
  <datafield tag="980" ind1=" " ind2=" ">
    <subfield code="a">BOOK</subfield>
    <subfield code="b">CONYJOR</subfield>
    <subfield code="b"></subfield>
  </datafield>
</record>
</collection>